La metamorfosis
محفوظ في:
| المؤلف الرئيسي: | |
|---|---|
| التنسيق: | كتاب |
| اللغة: | الإسبانية |
| منشور في: |
Buenos Aires
Losada
1962
|
| سلاسل: | Biblioteca contemporánea
|
| الموضوعات: | |
| الوسوم: |
إضافة وسم
لا توجد وسوم, كن أول من يضع وسما على هذه التسجيلة!
|
MARC
| LEADER | 00000nam a2200000 a 4500 | ||
|---|---|---|---|
| 001 | UCV7914 | ||
| 003 | CL-VaPUC | ||
| 008 | 900308e19620000AG |||||||||||||||||spa|d | ||
| 082 | 0 | 4 | |a 891.863 |b KAF |2 21 |
| 100 | |a Kafka, Franz |e author |9 266293 | ||
| 245 | 1 | 3 | |a La metamorfosis |
| 300 | |a 157 p | ||
| 942 | |c BK | ||
| 945 | |d 19900308 00:00:00 | ||
| 260 | |a Buenos Aires |b Losada |c 1962 | ||
| 650 | 0 | |a Novelas checoslovacas |9 265635 | |
| 583 | |a last modification |c 19900308 00:00:00 |k Rodrigo Vera | ||
| 490 | 0 | |a Biblioteca contemporánea | |
| 999 | |c 213520 |d 213518 | ||
| 952 | |0 0 |1 0 |4 0 |6 891_863000000000000_KAF_1962 |7 0 |8 A |9 195985 |a BIBARQ |b BIBARQ |d 2019-11-14 |i 2639459 |o 891.863 KAF 1962 |p 2639459 |r 2025-01-20 |w 2019-11-14 |y BK |k ARQ | ||